000 01456nam a2200265 i 4500
001 000046199
003 DO-SdBNP
005 20250812073621.0
007 ta
008 150706e2000 dr ad 000 0 spa d
040 _aDO-SdBNP
_bspa
_cBNPHU
_erda
041 _aspa
082 4 _axxx
_bR426s
_222
110 1 _aRepública Dominicana.
_bSecretaría de Estado de la Mujer
_938238
245 1 0 _aEvaluación beijing + 5 :
_bresultados de la implementación de la Plataforma de Acción Mundial de la IV Conferencia Mundial sobre la Mujer. documento consolidado /
_cPresentación, Gladys Gutiérrez.
264 1 _aSanto Domingo :
_bSecretaría de Estado de la Mujer,
_c2000.
300 _a135, [26] páginas :
_bILustraciones, gráficas ;
_c26 cm.
336 _atexto
_btxt
_2rdacontent
337 _asin mediación
_bn
_2rdamedia
338 _avolumen
_bnc
_2rdacarrier
505 _aPresentación.-- Antecedentes
_t1. Mujer y Pobreza.--
_t2. Mujer y Economía.--
_t3. Mujer y Salud.--
_t4. Mujer y Educación.--
_t5. Mujer y Pobreza.--
_t6. Derechos Humanos de la mujer.--
_t7. La mujeres en el ejercicio del poder y la adopción de decisiones.--
_t8. Mecanismos institucionales para el adelanto de la mujer.--
_t9. Mujer y difusión.--
_t10. Mujer y medio ambiente.--
_t11. Derechos de las niñas.--
_tConclusiones Generales.--
_tBibliografía.--
_tDocumentación anexa.
590 _aInventariado 2023 / MF
700 1 _aGutiérrez, Gladys
_956736
942 _2ddc
_cLBS1
999 _c45688
_d45688